|
|
|
|
| LEADER |
01291nam a2200337Ia 4500 |
| 001 |
EBC320623 |
| 003 |
MiAaPQ |
| 005 |
20200520144314.0 |
| 006 |
m o d | |
| 007 |
cr cn||||||||| |
| 008 |
000815s2007 enk s 000 0 eng d |
| 020 |
|
|
|z 9781846635427
|
| 035 |
|
|
|a (MiAaPQ)EBC320623
|
| 035 |
|
|
|a (Au-PeEL)EBL320623
|
| 035 |
|
|
|a (CaPaEBR)ebr10196422
|
| 035 |
|
|
|a (OCoLC)935265887
|
| 040 |
|
|
|a MiAaPQ
|c MiAaPQ
|d MiAaPQ
|
| 050 |
|
4 |
|a HD56
|b .I67 2007
|
| 245 |
0 |
4 |
|a The impact of performance measurement on performance
|h [electronic resource] /
|c guest editors: Mike Bourne, Steven Melnyk and Norman Faull.
|
| 260 |
|
|
|a Bradford, England :
|b Emerald Group Publishing,
|c c2007.
|
| 300 |
|
|
|a 143 p.
|
| 490 |
0 |
|
|a International Journal of Operations and Production Management ;
|v 35, no. 8
|
| 533 |
|
|
|a Electronic reproduction. Ann Arbor, MI : ProQuest, 2015. Available via World Wide Web. Access may be limited to ProQuest affiliated libraries.
|
| 650 |
|
0 |
|a Industrial productivity.
|
| 650 |
|
0 |
|a Production management.
|
| 655 |
|
4 |
|a Electronic books.
|
| 700 |
1 |
|
|a Bourne, Mike.
|
| 700 |
1 |
|
|a Melnyk, Steven.
|
| 700 |
1 |
|
|a Faull, Norman.
|
| 710 |
2 |
|
|a ProQuest (Firm)
|
| 856 |
4 |
0 |
|u https://ebookcentral.proquest.com/lib/matrademy/detail.action?docID=320623
|z Click to View
|